000 00701nam a2200277Ia 4500
005 20260324132728.0
008 008 260324s9999 xx 000 0 eng d
020 _a9780429211829
037 _aEBOOK
040 _aCRL
040 _beng
040 _cCRL
041 _2eng
041 _aeng
084 _qCRL
100 _aAgustin Rodriguez-Bachiller; John Glasson
_91190395
245 0 _aExpert Systems and Geographic Information Systems for Impact Assessment
260 _bTaylor and Francis
260 _c2004
365 _a
365 _b475
856 _uhttp://www.taylorfrancis.com/books/9780429211829
942 _cEBOOK
999 _c1788743
_d1788743